Relación historica de la real fundacion del Monasterio de las descalças de S. Clara de la villa de Madrid con los frutos de santidad que ha dado y que da al cielo cada dia. De las vidas de las princesas de Portugal doña Juana de Austria su fundadora y de la M.C. de la emperatriz Maria su hermana, que vivió y acabo santamente alli su vida. Con un breve tratado de ciento y quinze, los mas señalados santos de la nobilissima casa de Austria y sus elogios / por Fray Juan de la Carrillo

Detalles Bibliográficos
Autor principal: Carrillo, Juan (m. 1616)
Formato: Libro
Lenguaje:Undetermined
Spanish
Publicado: en Madrid : por Luis Sanchez, 1616.
Materias:
Colección:Banco de datos
Acervo:Biblioteca Palafoxiana. Colección bibliográfica
Descripción Física:[7], 320, 122 p. ; 4°
Tema general:Religiosos
Notas:Marca de fuego: Seminario Palafoxiano. Ex libris manuscrito: "Del Colegio del Spo. Sto. de la Compañia de Jesus". Número de localización: 21815
LEADER 01082nam a2200169Ia 4500
008 150723s9999 xx 000 0 und d
041 0 |a spa 
050 0 |a PAFX BV4405 C3 
100 1 |a Carrillo, Juan (m. 1616) 
245 1 0 |a Relación historica de la real fundacion del Monasterio de las descalças de S. Clara de la villa de Madrid con los frutos de santidad que ha dado y que da al cielo cada dia. De las vidas de las princesas de Portugal doña Juana de Austria su fundadora y de la M.C. de la emperatriz Maria su hermana, que vivió y acabo santamente alli su vida. Con un breve tratado de ciento y quinze, los mas señalados santos de la nobilissima casa de Austria y sus elogios / por Fray Juan de la Carrillo 
260 |a en Madrid : por Luis Sanchez, 1616. 
300 |a [7], 320, 122 p. ; 4° 
500 |a Marca de fuego: Seminario Palafoxiano. Ex libris manuscrito: "Del Colegio del Spo. Sto. de la Compañia de Jesus". Número de localización: 21815 
650 1 0 |a Religiosos 
942 |c PALALIB 
943 |g Biblioteca Palafoxiana. Colección bibliográfica 
999 |c 1057777  |d 1057777